banner-ar

ANCIENT CIVILIZATIONS : (Record no. 7728)

MARC details
000 -الفاتح
حقل البيانات ثابتة الطول 00675nam a2200241Ia 4500
008 - عناصر البيانات ثابتة الطول - معلومات عامة
حقل البيانات ثابتة الطول 140319s9999 xx 000 0 eng d
020 ## - الرقم الدولى المعيارى للكتب
الرقم الدولى المعيارى للكتاب 015
040 ## - مصدر الفهرسة
وكالة الفهرسة الأصلية GCL /
وكالة النسخ GCL
082 04 - رقم تصنيف ديوى العشرى
رقم التصنيف 909
رقم المادة B A
100 1# - المدخل الرئيسى - إسم شخصى
الإسم الشخصى RICHARD, C.J.
245 10 - بيان العنوان
العنوان ANCIENT CIVILIZATIONS :
بقية العنوان HARCOURT BRACE SOCIAL STUDIES /
بيان المسئوليه,etc RICHARD, C.J.
300 ## - الوصف المادى
التعداد 30CM ؛
أبعاد الوعاء 521 P
650 04 - المدخل الاضافى بالموضوع-مصطلح موضوعى
مصطلح موضوعي CIVILIZATION
650 04 - المدخل الاضافى بالموضوع-مصطلح موضوعى
مصطلح موضوعي CIVILIZATION HISTORY
650 04 - المدخل الاضافى بالموضوع-مصطلح موضوعى
مصطلح موضوعي ANCIENT - AFRICA
650 04 - المدخل الاضافى بالموضوع-مصطلح موضوعى
مصطلح موضوعي CIVILIZATION, ANCIENT
650 04 - المدخل الاضافى بالموضوع-مصطلح موضوعى
مصطلح موضوعي AMERICA - HISTORY
650 04 - المدخل الاضافى بالموضوع-مصطلح موضوعى
مصطلح موضوعي ANCIENT CHINA
650 04 - المدخل الاضافى بالموضوع-مصطلح موضوعى
مصطلح موضوعي ANCIENT - HISTORY
942 ## - عناصر المدخل الإضافي( كوها)
مصدر التصنيف او مخطط الترفيف Dewey Decimal Classification
Koha [default] item type كتاب
260 ## - PUBLICATION, DISTRIBUTION, ETC. (IMPRINT)
-- النمسا :
-- HARCOURT BRACE & COMPANY,PUBLISHERS
Holdings
حالة التراجع حالة الفقد حالة تلف ليس للاعارة المكان المؤقت الموقع الحالى تاريخ الاكتساب اجمالي اﻻعارات رقم الطلب الباركود تاريخ اخر مشاهدة تاريخ تفعيل السعر نوع وعاء كوها
        مكتبة القاهرة الكبرى مكتبة القاهرة الكبرى 03/26/2014   909\ B A 15886 03/26/2014 03/26/2014 كتاب
        مكتبة القاهرة الكبرى مكتبة القاهرة الكبرى 03/26/2014   909\ B A 15887 03/26/2014 03/26/2014 كتاب

Powered By

EGPV